000
00274nam a2200109Ia 4500
008
190902s9999||||xx |||||||||||||| ||und||
100
_a
Prof. Dr. Khawaja Amjad Saeed
245
0
_a
Principles of Auditing 2012
260
_a
India
_b
S. Chand
_c
2012
300
_a
423
942
_c
BK
999
_c
2660
_d
2660